LIBRARY & INFORMATION CENTRE, KCAET, TAVANUR

ONLINE PUBLIC ACCESS CATALOGUE (OPAC)

Dry farming in India / (Record no. 1404)

MARC details
000 -LEADER
fixed length control field 00555cam a2200217ua 4500
041 ## - LANGUAGE CODE
Language code of text/sound track or separate title eng
082 ## - DEWEY DECIMAL CLASSIFICATION NUMBER
Classification number 631.586
Item number KAN/DR
100 ## - MAIN ENTRY--AUTHOR NAME
Personal name Kanitkar, N V .
245 ## - TITLE STATEMENT
Title Dry farming in India /
250 ## - EDITION STATEMENT
Edition statement 2 /
260 ## - PUBLICATION, DISTRIBUTION, ETC. (IMPRINT)
Place of publication New Delhi :
Name of publisher Indian Council for Agricultural Research ,
Year of publication 1960.
300 ## - PHYSICAL DESCRIPTION
Number of Pages 470 ; .
700 1# - ADDED ENTRY--PERSONAL NAME
Personal name Gokhale, D H .
700 1# - ADDED ENTRY--PERSONAL NAME
Personal name Sirur, S S .
942 ## - ADDED ENTRY ELEMENTS (KOHA)
Koha item type Books
Holdings
Withdrawn status Lost status Damaged status Home library Current library Date acquired Cost, normal purchase price Full call number Accession Number Koha item type
Withdrawn     KAUAET KAUAET 07/04/2012 21.00 631.586 7817 Books
Withdrawn     KAUAET KAUAET 07/04/2012 21.00 631.586 7816 Books
free website counter